La consuetudine giuridica: teoria, storia, ambiti disciplinari
সংরক্ষণ করুন:
| প্রধান লেখক: | |
|---|---|
| বিন্যাস: | গ্রন্থ |
| ভাষা: | ইতালিয় |
| প্রকাশিত: |
Pisa
ETS
2008
|
| সংস্করন: | 1a. ed |
| মালা: | JURA Temi e Problemi del Diritto
|
| বিষয়গুলি: | |
| ট্যাগগুলো: |
ট্যাগ যুক্ত করুন
কোনো ট্যাগ নেই, প্রথমজন হিসাবে ট্যাগ করুন!
|
MARC
| LEADER | 00000cam a2200000 a 4500 | ||
|---|---|---|---|
| 001 | UCC1441 | ||
| 003 | CL-VaPUC | ||
| 008 | 171025e20080000it |||||||||||||||||ita|d | ||
| 020 | |a 9788846722447 | ||
| 082 | 0 | 4 | |a 340.151 |b ZOR |2 21 |
| 100 | 0 | |a Zorzetto, Silvia |e author |9 595530 | |
| 245 | 1 | 3 | |a La consuetudine giuridica: teoria, storia, ambiti disciplinari |
| 250 | |a 1a. ed | ||
| 300 | |a 174 p | ||
| 942 | |c BK | ||
| 945 | |d 20171025 21:08:00 |a dcastane | ||
| 260 | |a Pisa |b ETS |c 2008 | ||
| 650 | 0 | |a Derecho consuetudinario |9 256602 | |
| 650 | 0 | |a Fuentes del derecho |9 255162 | |
| 583 | |a last modification |c 20171025 21:08:00 |k Rodrigo Vera | ||
| 490 | 0 | |a JURA Temi e Problemi del Diritto | |
| 999 | |c 369944 |d 369942 | ||
| 952 | |0 0 |1 0 |3 erb |4 0 |6 340_151000000000000_ZOR_2008 |7 0 |8 A |9 486128 |a BIBDER |b BIBDER |i 5432952 |o 340.151 ZOR 2008 |p 5432952 |r 2023-01-25 |w 2019-11-24 |y BK |z Catalogado en:20171025 |k DER | ||